000 00329nam a22001457a 4500
008 210430b ||||| |||| 00| 0 eng d
020 _a053400301X
041 _aeng
080 _22nd
_a510
082 _a510
100 _a38
101 _aMAT
245 _aCalculus and Analytic Geometry
_cDouglas F. Riddle
942 _2udc
_cBK
999 _c57046
_d57046